| 000 | 01116nam a2200265Ia 4500 | ||
|---|---|---|---|
| 999 |
_c40557 _d40557 |
||
| 001 | 7181 | ||
| 003 | GE_BSU | ||
| 005 | 20230904155330.0 | ||
| 008 | 181216s2011||||ge |||||||||||||| ||geo|| | ||
| 020 | _aISSN 1987-8664 | ||
| 040 | _cGE_BSU | ||
| 041 | _ageo | ||
| 080 | _a821.133.1-31 ს-83 | ||
| 100 |
_aსტენდალი _b _919764 |
||
| 245 |
_aწითელი და შავი / _cსტენდალი ; თარგმნა ანა წერეთელმა ; მხატვ. ნინო ლომსანიძე. |
||
| 264 |
_aთბილისი : _bელფის გამ-ბა, _c2011. |
||
| 300 |
_a300 გვ. : _bილ. , ფოტო ; _c22 სმ. |
||
| 490 | _aმსოფლიო ლიტერარურის კლასიკოსები | ||
| 541 | _h10ლ. | ||
| 653 | _aრომანი | ||
| 653 | _aწითელი და შავი | ||
| 700 |
_aწერეთელი, ანა _eმთარგმნელი _911741 |
||
| 700 |
_aლომსანიძე, ნინო _eმხატვარი _919765 |
||
| 942 |
_cBK _2udc |
||